แสดงรายละเอียดบรรณานุกรม
  กลับหน้าหลัก

Brief Record : Get Marc (ISO 2709) : E-mail record : QR code ปิดหน้าต่าง
LEADER 00000nama 2200000uu 4500
001    179621
003     ULIBM
008    040531s2536 th m m a000 0 tha d
020    974-887-421-4
041    tha
050    WY100 ค695 2536
245    คู่มือการวินิจฉัยทางการพยาบาล/สิริมาศ มุตตาพระ...[และคนอื่นๆ],บรรณาธิการ 001
250    2
260    กรุงเทพฯ โรงพิมพ์ดอกเบี้ย 2536
300    204 หน้า
650    การวินิจฉัยการพยาบาล กระบวนการพยาบาลสิริมาศ มุตตาพระ,บรรณาธิการชื่อเรื่อง
998    1998-11-17
รายการนี้ยังไม่มีแท็ก
คุณยังไม่ได้ล็อกอิน คุณสามารถมีกิจกรรมร่วมกับเว็บไซต์ได้ แต่ต้องล็อกอินก่อน ::
  ล็อกอิน
ลำดับที่ ประเภท เลขเรียก สถานที่ สถานะ
1. หนังสือทั่วไป
หนังสือทั่วไป
WY100 ค695 2536  
  
หนังสือทั่วไป On Shelf
  ขอยืม
2. หนังสือทั่วไป
หนังสือทั่วไป
WY100 ค695 2536  
  
หนังสือทั่วไป On Shelf
  ขอยืม
3. หนังสือทั่วไป
หนังสือทั่วไป
WY100 ค695 2536  
  
หนังสือทั่วไป On Shelf
  ขอยืม
4. หนังสือทั่วไป
หนังสือทั่วไป
WY100 ค695 2536  
  
หนังสือทั่วไป On Shelf
  ขอยืม
5. หนังสือทั่วไป
หนังสือทั่วไป
WY100 ค695 2536  
  
หนังสือทั่วไป On Shelf
  ขอยืม
6. หนังสือทั่วไป
หนังสือทั่วไป
WY100 ค695 2536  
  
หนังสือทั่วไป On Shelf
  ขอยืม
7. หนังสือทั่วไป
หนังสือทั่วไป
WY100 ค695 2536  
  
หนังสือทั่วไป On Shelf
  ขอยืม
8. หนังสือทั่วไป
หนังสือทั่วไป
WY100 ค695 2536  
  
หนังสือทั่วไป On Shelf
  ขอยืม
9. หนังสือทั่วไป
หนังสือทั่วไป
WY100 ค695 2536  
  
หนังสือทั่วไป On Shelf
  ขอยืม
10. หนังสือทั่วไป
หนังสือทั่วไป
WY100 ค695 2536  
  
หนังสือทั่วไป On Shelf
  ขอยืม
   [แสดง 10/10 รายการ]

BibComment


ยังไม่เคยถูกคอมเมนท์

คอมเมนท์ทรัพยากรรายการนี้
  คอมเมนท์: คู่มือการวินิจฉัย..
Bib 179621

 
 
 

 Union Library Management : ULibM
Copyright 2026. All Rights Reserved.
скачать бесплатно без регистрации порно красивый секс HD Sex Hindi sex

xxx gou

xxxx

bfxxx

xxxwww

Секса Видео

xxxx

Секса Видео

detube

geilexxx

C99 Shell

worms shell

blod xxx video
Ebony Coed Rihanna Rimes Takes A Dick In Her Young Twat priyaa indian fuck anal and pusssy hardcore indian women xxx desi hardcore fucking part 1 bengalixxxcouple